Нобелиана Дмитрия Менделеева; Природа; № 2

Dades bibliogràfiques
Parent link:Природа: естественно-научный журнал/ Российская Академия наук.— , 1912-.— 0032-874X
№ 2.— 2002.— с. 72-77
Autor principal: Блох А. М.
Idioma:rus
Publicat: 2002
Col·lecció:Достойные... но неудостоенные
Matèries:
Format: MixedMaterials Capítol de llibre
KOHA link:https://koha.lib.tpu.ru/cgi-bin/koha/opac-detail.pl?biblionumber=382533

MARC

LEADER 00000naa2a2200000 4500
001 382533
005 20231101063005.0
035 |a (RuTPU)RU\TPU\prd\6629 
090 |a 382533 
100 |a 20020919a2002 k y0rusy50 ca 
101 0 |a rus 
102 |a RU 
200 1 |a Нобелиана Дмитрия Менделеева  |f А. М. Блох 
225 1 |a Достойные... но неудостоенные 
461 1 |0 (RuTPU)RU\TPU\prd\304  |x 0032-874X  |t Природа  |o естественно-научный журнал  |f Российская Академия наук  |d 1912- 
463 1 |0 (RuTPU)RU\TPU\prd\72950  |t № 2  |v с. 72-77  |d 2002 
600 1 |a Менделеев  |g Дмитрий Иванович  |b Д. И.  |c ученый-химик, педагог, прогрессивный общественный деятель  |f 1834-1907  |2 stltpui  |3 (RuTPU)RU\TPU\pers\1367 
610 1 |a нобелевская премия 
700 1 |a Блох  |b А. М. 
801 1 |a RU  |b 63413507  |c 20020919  |g PSBO 
801 2 |a RU  |b 63413507  |c 20100119  |g PSBO 
942 |c BK